| Tag |
First Indicator |
Second Indicator |
Subfields |
| LEADER |
00000pam a2200000 a 4500 |
| 001 |
in00000071955 |
| 005 |
20151008062459.0 |
| 008 |
800813s1981 nyua b 00110 engm |
| 010 |
|
|
|a 80021443
|
| 020 |
|
|
|a 0801411793
|
| 035 |
|
|
|a (OCoLC)06666233
|
| 035 |
|
|
|9 AAK0309AM
|
| 040 |
|
|
|a DLC
|c DLC
|d m.c.
|d TXA
|d UtOrBLW
|
| 049 |
|
|
|a TXAM
|c [1441932]
|
| 050 |
0 |
0 |
|a QD506
|b .S588
|
| 082 |
0 |
|
|a 541.3/453
|2 19
|
| 100 |
1 |
|
|a Somorjai, Gabor A.
|
| 245 |
1 |
0 |
|a Chemistry in two dimensions :
|b surfaces /
|c by Gabor A. Somorjai.
|
| 264 |
|
1 |
|a Ithaca, N.Y. :
|b Cornell University Press,
|c 1981.
|
| 300 |
|
|
|a 575 pages :
|b illustrations ;
|c 23 cm.
|
| 336 |
|
|
|a text
|b txt
|2 rdacontent
|
| 337 |
|
|
|a unmediated
|b n
|2 rdamedia
|
| 338 |
|
|
|a volume
|b nc
|2 rdacarrier
|
| 490 |
1 |
|
|a The George Fisher Baker non-resident lectureship in chemistry at Cornell University
|
| 504 |
|
|
|a Includes bibliographical references and index.
|
| 650 |
|
0 |
|a Surface chemistry.
|
| 830 |
|
0 |
|a George Fisher Baker non-resident lectureship in chemistry at Cornell University.
|
| 999 |
|
|
|a MARS
|
| 999 |
f |
f |
|s dae8a536-0f34-34d5-9ad0-00a6f0929ec7
|i 02d1488c-9f4a-3475-8e03-d3154ddd795d
|t 0
|
| 952 |
f |
f |
|p ric
|a Texas A&M University
|b Rellis Campus
|c Joint Library Facility
|s JLF
|d Remote Storage
|t 0
|e QD506 .S588
|h Library of Congress classification
|i unmediated -- volume
|m A14806212733
|
| 998 |
f |
f |
|a QD506 .S588
|t 0
|l Remote Storage
|